[Event "Giugliano op 4th"]
[Site "Giugliano"]
[Date "2009.09.19"]
[Round "3"]
[White "Vassallo, Vincenzo"]
[Black "Scola, Enrico"]
[Result "1-0"]
[WhiteElo "1536"]
[BlackElo "1683"]
[PlyCount "39"]
[EventDate "2009.09.18"]
[EventType "swiss"]
[EventRounds "6"]
[EventCountry "ITA"]
[SourceTitle "EXT 2012"]
[Source "ChessBase"]
[SourceDate "2011.11.24"]
[SourceVersion "1"]
[SourceVersionDate "2011.11.24"]
[SourceQuality "1"]

1. e4 c5 2. Nf3 d6 3. d4 cxd4 4. Nxd4 Nf6 5. Nc3 a6 6. Be2 e5 7. Nb3 b5 8. Bg5 Be7 9. Bxf6 Bxf6 10. 0-0 Bg5 11. Qd3 Be6 12. Nd5 Nd7 13. Rad1 Nc5 14. Nxc5 dxc5 15. Qg3 f6 16. c4 bxc4 17. Bxc4 Qa5 18. Qb3 Bd7 19. Qb7 Rc8 20. Nxf6+ 1-0